Radio wave propagation for telecommunication applications. (Record no. 247779)

000 -LEADER
fixed length control field 00275 a2200109 4500
001 - CONTROL NUMBER
control field 12706
082 ## - DEWEY DECIMAL CLASSIFICATION NUMBER
Classification number 621.3841122 SIZ
090 ## - LOCALLY ASSIGNED LC-TYPE CALL NUMBER (OCLC); LOCAL CALL NUMBER (RLIN)
-- 9702
-- 9702
100 ## - MAIN ENTRY--PERSONAL NAME
Personal name Sizun,H
245 ## - TITLE STATEMENT
Title Radio wave propagation for telecommunication applications.
260 ## - PUBLICATION, DISTRIBUTION, ETC.
Name of publisher, distributor, etc. Springer
Date of publication, distribution, etc. 2005
942 ## - ADDED ENTRY ELEMENTS (KOHA)
Institution code [OBSOLETE] NUST-CAE
Call number prefix 621.3841122 SIZ
Holdings
Withdrawn status Lost status Damaged status Not for loan Collection code Permanent Location Current Location Date acquired Total Checkouts Full call number Barcode Date last seen Price effective from Koha item type
          College of Aeronautical Engineering (CAE) College of Aeronautical Engineering (CAE) 04/03/2017   621.3841122 SIZ CAEN-3473 04/05/2017 04/05/2017 Book
© 2023 Central Library, National University of Sciences and Technology. All Rights Reserved.